Loading...
| Science - Chemistry | 0 | 3 | 0 | 1 | 30 | 112 | 118.67 | 0 | 0 |
| Literature - British Literature | 1 | 0 | 0 | 0 | 15 | 65 | 65.00 | 0 | 1 |
| Literature - American Literature | 1 | 0 | 0 | 0 | 15 | 48 | 48.00 | 1 | 1 |
| Visual Arts | 0 | 2 | 1 | 0 | 15 | 115 | 120.50 | 0 | 1 |
| Science - Other Science | 0 | 1 | 0 | 0 | 10 | 115 | 115.00 | 0 | 1 |
| Science - Biology | 0 | 1 | 0 | 0 | 10 | 123 | 123.00 | 0 | 1 |
| History - American History | 0 | 1 | 0 | 1 | 10 | 113 | 113.00 | 0 | 0 |
| Literature - World Literature | 0 | 1 | 0 | 0 | 10 | 139 | 139.00 | 0 | 0 |
| Beliefs | 0 | 1 | 0 | 0 | 10 | 118 | 118.00 | 0 | 0 |
| Social Science | 0 | 1 | 1 | 0 | 5 | 112 | 112.00 | 0 | 0 |
| Science - Physics | 0 | 0 | 0 | 0 | 0 | 0.00 | 0 | 0 |